| 000 | 01595nam a2200289Ia 4500 | ||
|---|---|---|---|
| 999 |
_c54175 _d54175 |
||
| 001 | 21231 | ||
| 003 | GE_BSU | ||
| 005 | 20211005132518.0 | ||
| 008 | 181216s2015||||ge |||||||||||||| || || | ||
| 020 | _a9789941910661 | ||
| 040 | _cGE_BSU | ||
| 041 | _aeng | ||
| 080 | _a821.353.1.09-1 კ-49 | ||
| 100 |
_aკიკნაძე, ზურაბ _94114 |
||
| 245 |
_aცეცხლი და ბურუსი : ”ვეფხისტყაოსნიდან” ”ვეფხვი და მოყმემდე” _cზურაბ კიკნაძე ; რედაქტორი მერაბ ღაღანიძე. |
||
| 264 |
_aთბილისი : _bმემკვიდრეობა, _c2015. |
||
| 300 | _a279 გვ; 20 სმ. | ||
| 300 | _bსაძიებელი: გვ. 275-279. ბიბლიოგრ.: გვ. 273-274. | ||
| 520 | _aყდაზე: ფრაგმენტი სერგო ქობულაძის ნახატიდან ”შოთა რუსთაველი” (1937). | ||
| 541 | _h11ლ. | ||
| 653 | _aFire and mist : articles on georgian literature. | ||
| 653 | _aქართული ლიტერატურა | ||
| 653 | _aქართული პოეზიის ისტორია და კრიტიკა. | ||
| 700 |
_aღაღანიძე, მერაბ _eრედაქტორი _912587 |
||
| 710 |
_aქართული წიგნის მხარდაჭერის ფონდი ”მემკვიდრეობა” _912588 |
||
| 942 |
_cBK _2udc |
||